Capitales version codée - Statistiques

Statistiques générales
  • Ce quiz a été pris 68 fois
  • Le résultat moyen est 20 sur 20
Statistiques - réponses
Capitale Version codée % Correct
Athènes 1thèn2s
100%
Belgrade B2lgr1d2
100%
Berlin B2rl3n
100%
Bruxelles Br5x2ll2s
100%
Budapest B5d1p2st
100%
Helsinki H2ls3nk3
100%
Lisbonne L3sb4nn2
100%
Londres L4ndr2s
100%
Madrid M1dr3d
100%
Oslo 4sl4
100%
Paris P1r3s
100%
Rome R4m2
100%
Stockholm St4ckh4lm
100%
Vienne V32nn2
100%
Prague Pr1g52
98%
Sofia S4f31
98%
Varsovie V1rs4v32
98%
Copenhague C4p2nh1g52
97%
Ankara 1nk1r1
92%
Tokyo T4k64
77%
Aucun quiz correspondant
Distribution des résultats
% des personnes avec chaque résultat
Percentile par nombre de réponses
Votre historique - résultats
Vous n’avez pas pris ce quiz